000 00621nam a2200193Ia 4500
005 20250508164335.0
008 008 250505s9999 xx 000 0 hin d
020 _a81-7450-665-9
037 _aReference
040 _aFEDL
_beng
_cFEDL
041 _ahin
_2hin
084 _a491.43, NCE
_qFEDL
245 0 _aSanchayan : Kaksha 10 ke liye Hindi ki purak pathyapustak (Dwitiya Bhasha), Bhag 2
245 0 _cNCERT (New Delhi India)
260 _aNew Delhi, India
_bNational Council Educational Research and Training
_c2007
300 _ax,44p
942 _cREF
_h491.43, NCE
999 _c1388571
_d1388571